[Event "Minatitlan Dominguez Memorial"]
[Site "Minatitlan"]
[Date "2022.07.09"]
[Round "7"]
[White "Carrillo Fonseca, Miguel Angel"]
[Black "Perez Abad, Alejandro"]
[Result "1-0"]
[WhiteElo "1500"]
[BlackElo "1462"]
[PlyCount "45"]
[EventDate "2022.05.28"]
[EventType "swiss"]
[EventRounds "7"]
[EventCountry "MEX"]
[SourceTitle "EXT 2023"]
[Source "ChessBase"]
[SourceDate "2022.10.05"]
[SourceVersion "1"]
[SourceVersionDate "2022.10.05"]
[SourceQuality "1"]

1. e4 c5 2. c4 d6 3. Nc3 Nf6 4. f4 a6 5. Nf3 Nc6 6. d4 cxd4 7. Nxd4 e5 8. Nxc6 bxc6 9. fxe5 Ng4 10. Be2 Qh4+ 11. g3 Qh3 12. Bf1 Qh5 13. h3 Qxe5 14. Bf4 Qc5 15. hxg4 Be7 16. Be2 0-0 17. Qd3 Rd8 18. 0-0-0 Rb8 19. Rd2 g6 20. e5 Be6 21. exd6 Bf6 22. Ne4 Bxb2+ 23. Rxb2 1-0